Kaz Bałagane - B&B Warsaw - Statystyki

Ogólne statystyki
  • Ten quiz został rozwiązany 3 razy
  • Średni wynik to 9 z 19
Statystyki odpowiedzi
B&B Warsaw % Poprawnych
Nad Wisełką
100%
Dzwony
67%
GPS
67%
Janusz Yeyko
67%
Ratusz Arsenał
67%
Ta syrenka nie potrafi pływać
67%
Warszawa Centralna
67%
Zguby
67%
Bania u cygana
33%
Cukier
33%
Jak żyć w WWA
33%
Ja nie tańczę
33%
Moonrock
33%
Numer o spodenkach krótkich
33%
Ostatnia Guma
33%
Stare Miasto / Nowe Miasto
33%
Wrażliwa dusza
33%
Za dużo
33%
PI.Zbawiciel (500+ Anthem)
0%
Nie znaleziono quizów pasujących do podanych kryteriów
Rozkład punktacji
Procent ludzi z każdym wynikiem
Percentyl według liczby udzielonych odpowiedzi
Twoja historia wyników
Nie rozwiązałeś tego quizu